The impact of industry
Guardat en:
| Autor principal: | |
|---|---|
| Format: | Llibre |
| Idioma: | anglès |
| Publicat: |
Englewood Cliffs
Prentice-Hall
1965
|
| Col·lecció: | Modernization of Traditional Societies Series
|
| Matèries: | |
| Etiquetes: |
Afegir etiqueta
Sense etiquetes, Sigues el primer a etiquetar aquest registre!
|
MARC
| LEADER | 00000nam a2200000 a 4500 | ||
|---|---|---|---|
| 001 | UCR9759 | ||
| 003 | CL-VaPUC | ||
| 008 | 980613e19650000us |||||||||||||||||eng|d | ||
| 082 | 0 | 4 | |a 303.44 |b MOO |2 21 |
| 100 | |a Moore, Wilbert E. |e autor |9 412626 | ||
| 245 | 1 | 4 | |a The impact of industry |
| 300 | |a 117 p | ||
| 942 | |c BK | ||
| 945 | |d 19980613 00:00:00 |a crobeson | ||
| 260 | |a Englewood Cliffs |b Prentice-Hall |c 1965 | ||
| 650 | 0 | |a Industrialización |9 263687 | |
| 650 | 7 | |a PROGRESO SOCIAL |2 CL-VaPUC |9 338935 | |
| 650 | 0 | |a Cambio social |9 256857 | |
| 650 | 0 | |a Procesos sociales |9 337802 | |
| 650 | 0 | |a Interacción social |9 307764 | |
| 650 | 0 | |a Sociología del cambio |9 337801 | |
| 490 | 0 | |a Modernization of Traditional Societies Series | |
| 999 | |c 270935 |d 270933 | ||
| 583 | |k Rodrigo Vera | ||